Standardy kvality sociálně-právní ochrany a jejich zavádění do praxe metodický návod
Sociálno-právna ochrana detí (SPOD) a povinnosť riadiť sa štandardami kvality sociálno-právnej ochrany. Štandardy sú záväzné najmä pre orgány SPOD, organizácie zabezpečujúce prípravu žiadateľov o sprostredkovanie osvojenia alebo pestúnsku starostlivosť o dieťa a zariadenia pre deti vyžadujúce okamži...
Gespeichert in:
| 1. Verfasser: | |
|---|---|
| Format: | Buchkapitel |
| Sprache: | Tschechisch |
| Schlagworte: | |
| Tags: |
Keine Tags, Fügen Sie das erste Tag hinzu!
|
MARC
| LEADER | 00000naa a2200000 4500 | ||
|---|---|---|---|
| 001 | 0205543 | ||
| 005 | 20221104112358.7 | ||
| 041 | 0 | |a cze | |
| 044 | |a CZ | ||
| 245 | 1 | 0 | |a Standardy kvality sociálně-právní ochrany a jejich zavádění do praxe |b metodický návod |c Hana Solařová |
| 520 | |a Sociálno-právna ochrana detí (SPOD) a povinnosť riadiť sa štandardami kvality sociálno-právnej ochrany. Štandardy sú záväzné najmä pre orgány SPOD, organizácie zabezpečujúce prípravu žiadateľov o sprostredkovanie osvojenia alebo pestúnsku starostlivosť o dieťa a zariadenia pre deti vyžadujúce okamžitú pomoc. Zavedenie, význam, proces a kontrola štandardizácie SPOD. | ||
| 610 | 2 | 0 | |a ochrana právna |
| 610 | 2 | 0 | |a ochrana sociálna |
| 610 | 2 | 0 | |a deti |
| 610 | 2 | 0 | |a práca sociálna |
| 610 | 2 | 0 | |a právo rodinné |
| 610 | 2 | 0 | |a zákony |
| 610 | 2 | 0 | |a metodika |
| 610 | 2 | 0 | |a kvalita sociálna |
| 100 | 1 | |a Solařová, Hana | |